000 00390nam a2200157Ia 4500
008 100122s9999 xx 000 0 und d
082 _b67272
_aB823.08
100 _aBLYTON ENID
245 _aFIRST TERM AT MALORY TOWERS
250 _a0
260 _bMAMMOTH
_c1995
300 _a150
630 _aFIRST TERM AT MALORY TOWERS
730 _aFIRST TERM AT MALORY TOWERS
942 _cBOOK
999 _c380863
_d380860